BSOP header

Theological implications of the Hesed of God / (Record no. 19892)

MARC details
000 -LEADER
fixed length control field 00631nam a2200181 4500
008 - FIXED-LENGTH DATA ELEMENTS--GENERAL INFORMATION
fixed length control field 040421s1979 us eng
090 ## - LOCALLY ASSIGNED LC-TYPE CALL NUMBER (OCLC); LOCAL CALL NUMBER (OCLC)
Classification number (OCLC) (R) ; Classification number, CALL (RLIN) (NR) BS525
Local cutter number (OCLC) ; Book number/undivided call number, CALL (RLIN) Sh2t
100 1# - MAIN ENTRY--PERSONAL NAME
Personal name Shao, Joseph
245 10 - TITLE STATEMENT
Title Theological implications of the Hesed of God /
Statement of responsibility, etc Joseph Shao.
260 ## - PUBLICATION, DISTRIBUTION, ETC. (IMPRINT)
Place of publication, distribution, etc Illinois:
Name of publisher, distributor, etc TEDS,
Date of publication, distribution, etc c1979.
300 ## - PHYSICAL DESCRIPTION
Extent 152 p.
500 ## - GENERAL NOTE
General note Thesis (M.Th.)--Trinity Evangelical Divinity School, 1979
650 #4 - SUBJECT ADDED ENTRY--TOPICAL TERM
Topical term or geographic name as entry element Bible. O.T.
General subdivision Criticism, interpretation, etc.
650 #4 - SUBJECT ADDED ENTRY--TOPICAL TERM
Topical term or geographic name as entry element God
General subdivision Love.
650 #4 - SUBJECT ADDED ENTRY--TOPICAL TERM
Topical term or geographic name as entry element Hebrew language
General subdivision Etymology.
650 #4 - SUBJECT ADDED ENTRY--TOPICAL TERM
Topical term or geographic name as entry element Hesed (The Hebrew word).
951 ## - EQUIVALENCE OR CROSS-REFERENCE-GEOGRAPHIC NAME/AREA NAME [OBSOLETE] [CAN/MARC only]
General subdivision 00028591
951 ## - EQUIVALENCE OR CROSS-REFERENCE-GEOGRAPHIC NAME/AREA NAME [OBSOLETE] [CAN/MARC only]
-- 26937
-- BS525/Sh2t
-- 070613111353578
-- 2000-12-21
-- THE
Holdings
Withdrawn status Lost status Damaged status Not for loan Home library Current library Shelving location Date acquired Accession number Shelving control number Total Checkouts Full call number Barcode Date last seen Price effective from Koha item type
        BSOP Library BSOP Library Thesis 12/21/2000 26937 127   BS525/Sh2t 00028591 02/23/2013 02/23/2013 Books
BSOP

Biblical Seminary of the Philippines
  All rights Reserved
  © 2024

CONTACT INFORMATION

Biblical Seminary of the Philippines,
  77-B Karuhatan Road, Valenzuela City,
  PHILIPPINES 1441
  Phone: +632 8292-6795 / 8292-6798
  Fax : +632 8292-6675
  Email: library@bsop.edu.ph